000 01695cam a22003014a 4500
999 _c328947
_d328947
001 13799610
003 Nust
005 20170419164718.0
008 041126s2005 ctua b 001 0beng
010 _a 2004028175
020 _a9788179927519
040 _aDLC
_cDLC
_dDLC
042 _apcc
050 0 0 _aQC16.E5
_bC34 2005
082 0 0 _a530.092
_bCAL
100 1 _aCalaprice, Alice.
245 1 0 _aAlbert Einstein :
_ba biography /
_cAlice Calaprice and Trevor Lipscombe.
260 _aWestport, Conn. :
_bGreenwood Press,
_c2005.
300 _axxiii, 161 p. :
_bill. ;
_c24 cm.
440 0 _aGreenwood biographies,
_x1540-4900
504 _aIncludes bibliographical references (p. [153]-154) and index.
505 0 _a"It is a known fact that I was born-- " -- Training the mind -- To love and to work -- The physics of the "year of miracles," 1905 -- Academic life in Switzerland -- The early Berlin years : war and pacifism -- The road to general relativity -- The later Berlin years : postwar turmoil and the rise of Hitler -- On the road again -- Coming to America -- Final years of an "enfant terrible" -- Einstein the experimenter.
600 1 0 _aEinstein, Albert,
_d1879-1955.
650 0 _aPhysicists
_vBiography.
700 1 _aLipscombe, Trevor.
856 4 1 _3Table of contents
_uhttp://www.loc.gov/catdir/toc/ecip054/2004028175.html
906 _a7
_bcbc
_corignew
_d1
_eecip
_f20
_gy-gencatlg
942 _2ddc
_cBK